|
|
|
|
| LEADER |
00000nam a22000007a 4500 |
| 005 |
20221031234325.0 |
| 007 |
cr|||| |||| |
| 008 |
221031s2022 co |||||s|||| 00||0 spa d |
| 020 |
|
|
|a 978-958-798-247-3
|
| 035 |
|
|
|a 37432
|
| 040 |
|
|
|a vLex
|
| 090 |
|
|
|c 14069
|d 14069
|
| 100 |
1 |
|
|a Aparicio Cuervo, Juan Ricardo
|
| 245 |
1 |
0 |
|a Neoliberalismo en Colombia
|h [Recurso electrn̤ico] /
|c Juan Ricardo Aparicio Cuervo, Manuela Fernǹdez Pinto
|
| 256 |
|
|
|a Servicio en ln̕ea
|
| 260 |
|
|
|a Bogot:̀
|b Universidad de Los Andes (Colombia),
|c 2022
|
| 300 |
|
|
|a 1 recurso electrn̤ico
|
| 506 |
1 |
|
|a Disponible solo en los productos indicados
|d vLex Global
|d vLex Global (Academic Edition, excluding Law Schools)
|d vLex Global (U.S. Academic Edition, Law Schools)
|d vLex Global (U.S. Academic Edition, excluding Law Schools)
|d vLex Global (Academic Edition, Law Schools)
|
| 650 |
0 |
4 |
|a Derecho Pb︢lico y Administrativo
|z Colombia
|
| 700 |
1 |
|
|a Fernǹdez Pinto, Manuela
|
| 740 |
0 |
|
|a vLex Libros (Servicio en ln̕ea)
|
| 856 |
4 |
0 |
|u https://app.vlex.com/#/sources/37432
|z Acceso restringido
|
| 942 |
|
|
|c BOOK
|
| 999 |
0 |
|
|a Public and Administrative Law
|